Mutual relations of knowledge based economy and tourism development strategy in the Slovak Republic

Guardado en:
Detalles Bibliográficos
Autor principal: Mišúnová, Ema
Formato: Capítulo de libro
Lenguaje:inglés
Materias:
Etiquetas: Agregar Etiqueta
Sin Etiquetas, Sea el primero en etiquetar este registro!

MARC

LEADER 00000naa$a2200000$$$4500
001 0104698
005 20240502072141.0
041 0 |a eng 
044 |a SK 
245 1 0 |a Mutual relations of knowledge based economy and tourism development strategy in the Slovak Republic  |c Ema Mišúnová 
500 |a Abstrakt 
610 2 0 |a ekonomika vedomostná 
610 2 0 |a ruch cestovný 
610 2 0 |a produkty 
610 2 0 |a služby 
610 2 0 |a Slovensko 
100 1 |a Mišúnová, Ema